<?xml version="1.0" encoding="UTF-8"?>
<record
    xmlns:xsi="http://www.w3.org/2001/XMLSchema-instance"
    xsi:schemaLocation="http://www.loc.gov/MARC21/slim http://www.loc.gov/standards/marcxml/schema/MARC21slim.xsd"
    xmlns="http://www.loc.gov/MARC21/slim">

  <leader>00456cam a2200169ua 4500</leader>
  <controlfield tag="001">10040</controlfield>
  <controlfield tag="008">160229n        II  |||gr||||Z||||||hin</controlfield>
  <datafield tag="040" ind1=" " ind2=" ">
    <subfield code="a">MAIN</subfield>
  </datafield>
  <datafield tag="041" ind1=" " ind2=" ">
    <subfield code="a">English</subfield>
  </datafield>
  <datafield tag="082" ind1=" " ind2=" ">
    <subfield code="a">891.43 JOS</subfield>
  </datafield>
  <datafield tag="100" ind1=" " ind2=" ">
    <subfield code="a">JOSHI , SUSHIL .</subfield>
  </datafield>
  <datafield tag="245" ind1=" " ind2=" ">
    <subfield code="a">JASAN - E- TALIM ( HOSHANGABAD (BOMBAY)  BIGYAN KASAIKHIK SAFARNAMA </subfield>
  </datafield>
  <datafield tag="260" ind1=" " ind2=" ">
    <subfield code="a">BHOPAL:</subfield>
    <subfield code="b">EKALABYA PRAKASHAN,</subfield>
    <subfield code="c">2008.</subfield>
  </datafield>
  <datafield tag="300" ind1=" " ind2=" ">
    <subfield code="a">391:</subfield>
    <subfield code="c">20CM.</subfield>
  </datafield>
  <datafield tag="700" ind1=" " ind2=" ">
    <subfield code="a">JOSHI , SUSHIL .,</subfield>
    <subfield code="e">Author.</subfield>
  </datafield>
  <datafield tag="942" ind1=" " ind2=" ">
    <subfield code="c">BK</subfield>
  </datafield>
  <datafield tag="999" ind1=" " ind2=" ">
    <subfield code="c">10011</subfield>
    <subfield code="d">10011</subfield>
  </datafield>
  <datafield tag="952" ind1=" " ind2=" ">
    <subfield code="0">0</subfield>
    <subfield code="1">0</subfield>
    <subfield code="4">0</subfield>
    <subfield code="7">0</subfield>
    <subfield code="8">GNREF</subfield>
    <subfield code="a">MAIN</subfield>
    <subfield code="b">MAIN</subfield>
    <subfield code="c">HINDI</subfield>
    <subfield code="d">1984-02-04</subfield>
    <subfield code="o">891.43 JOS</subfield>
    <subfield code="p">08779</subfield>
    <subfield code="r">2020-02-27 00:00:00</subfield>
    <subfield code="t">1</subfield>
    <subfield code="w">2020-02-27</subfield>
    <subfield code="y">BK</subfield>
  </datafield>
</record>
